|
|
|
|
| LEADER |
00000nam0a2200000 4500 |
| 001 |
36461 |
| 005 |
20231031001925.0 |
| 035 |
|
|
|a (RuTPU)RU\TPU\book\36934
|
| 035 |
|
|
|a BOOK00003586
|
| 090 |
|
|
|a 36461
|
| 100 |
|
|
|a 20011210d1984 m y0rusy50 ca
|
| 101 |
0 |
|
|a rus
|
| 102 |
|
|
|a RU
|
| 105 |
|
|
|a a j 001|y
|
| 200 |
1 |
|
|a Введение в теорию ядерных реакторов на тепловых нейтронах
|e учебное пособие
|f А. Д. Галанин
|
| 210 |
|
|
|a Москва
|c Энергоатомиздат
|d 1984
|
| 215 |
|
|
|a 416 с.
|c ил.
|
| 320 |
|
|
|a Библиогр.: с. 400-410 (263 назв.).
|
| 320 |
|
|
|a Алф.-предм. указ.: с. 411-413.
|
| 451 |
|
1 |
|0 (RuTPU)RU\TPU\book\36935
|y 5-283-03858-0
|t Введение в теорию ядерных реакторов на тепловых нейтронах
|o учебное пособие
|f А. Д. Галанин
|e 2-е изд., перераб. и доп.
|c Москва
|n Энергоатомиздат
|d 1990
|p 534 с.
|a Галанин, Алексей Дмитриевич
|
| 610 |
1 |
|
|a ядерные реакторы
|
| 610 |
1 |
|
|a тепловые нейтроны
|
| 610 |
1 |
|
|a теория
|
| 610 |
1 |
|
|a физические явления
|
| 610 |
1 |
|
|a учебные пособия
|
| 675 |
|
|
|a 621.039.52(075.8)
|v 3
|
| 700 |
|
1 |
|a Галанин
|b А. Д.
|g Алексей Дмитриевич
|
| 801 |
|
0 |
|a RU
|b 63413507
|c 20011210
|g PSBO
|
| 801 |
|
2 |
|a RU
|b 63413507
|c 20150513
|g PSBO
|
| 900 |
|
|
|a Основы теории и методы расчета ядерных реакторов
|
| 900 |
|
|
|a Основы физической теории ядерных установок
|
| 942 |
|
|
|c BK
|